=LDR 00000nam 2200000 4500 =001 INLIS000000000010250 =005 20130612101940 =008 ***********************************Ind** =035 ##$$a0010-061300000010250 =041 ##$$a Ind =082 ##$$a 371.1 =090 ##$$a 371.1, Dim b =100 ##$$a DIMYATI =245 ##$$a Belajar dan pembelajaran, Dr. Dimyati ; Drs. Mudjiono =260 ##$$a 2002 $b Jakarta =300 ##$$a ix, 298 hlm, 21 cm =650 ##$$a Belajar =850 ##$$a NBPNMAT =990 ##$$a 91049/BPAP-NTB/2014